000 00828nam a22002057a 4500
005 20240530110340.0
008 141110s2011 le gr 000 0 ara d
020 _a9789953824451
040 _aEG-CaGPL
082 0 4 _221
_a191
_bت ف
100 0 _aتوفيق رشد
245 1 2 _aالفلسفة والحداثة فى المشروع الفكرى لعلى اومليل :
_bندوة فكرية /
_cتوفيق رشد [ واخ ،] ؛ تقديم المختار بنعبدلاوى
260 _aبيروت :
_bمركز دراسات الوحدة العربية ،
_c2011
300 _a127 ص ؛
_c24 سم
600 0 4 _aابن خلدون
650 _aالفلسفة العربية
700 0 _aالمختار بنعبدلاوى
942 _2ddc
_cBK
999 _c59873
_d59873